000
00507nam a2200157Ia 4500
008
090711s9999 xx 000 0 und d
082
_b
60791
100
_a
धुमकेतू
245
_a
भावी भारतसम्राट
600
_a
धुमकेतू
630
_a
भावी भारतसम्राट
700
_a
धर्माधिकारी भाऊ
700
_a
धुमकेतू
730
_a
भावी भारतसम्राट
942
_c
BOOK
999
_c
324307
_d
324307